Ohromující léčivá moc přírody : [jak nám rostliny a živočichové napomáhají ke zdraví /

Další autoři: Challoner, Jack
Jazyk: Čeština
Vydáno: Praha : Tarsago Česká republika, 2014
Vydání: Vyd. 1.
Edice: Reader's Digest
Témata:
Externí odkaz: Digitalizovaný dokument
Fyzický popis: 319 s. : il. (převážně barev.), portréty ; 28 cm
Knihy
Uloženo v:
LEADER 02601nam a2200637 a 4500
001 nkc20142633779
003 CZ PrNK
005 20150903110349.0
007 ta
008 141031s2014 xr ac e f 001 0 cze
015 |a cnb002633779 
020 |a 978-80-7406-287-2  |q (váz.) 
035 |a (OCoLC)897870415 
040 |a ABA001  |b cze 
041 1 |a cze  |h eng 
072 7 |a 615.8  |x Fyzioterapie. Psychoterapie. Alternativní lékařství  |2 Konspekt  |9 14 
080 |a 582.282/.284  |2 MRF 
080 |a 582  |2 MRF 
080 |a 592/599  |2 MRF 
080 |a 615.8  |2 MRF 
080 |a 633.88  |2 MRF 
080 |a 615.89:633.88  |2 MRF 
080 |a 615.83+615.89  |2 MRF 
080 |a (0.062)  |2 MRF 
245 0 0 |a Ohromující léčivá moc přírody :  |b [jak nám rostliny a živočichové napomáhají ke zdraví /  |c autoři Jack Challoner ... et al. ; z anglického originálu ... přeložily Kateřina Novotná, Hana Chudáčková a Klára Míčková] 
250 |a Vyd. 1. 
260 |a Praha :  |b Tarsago Česká republika,  |c 2014 
300 |a 319 s. :  |b il. (převážně barev.), portréty ;  |c 28 cm 
490 1 |a Reader's Digest 
500 |a Obsahuje rejstřík 
500 |a Dostupné též v digitální podobě v aplikaci Kramerius 
650 0 7 |a houby  |7 ph114706  |x terapeutické aspekty  |2 czenas 
650 0 7 |a rostliny  |7 ph116070  |x terapeutické aspekty  |2 czenas 
650 0 7 |a živočichové  |7 ph136485  |x terapeutické aspekty  |2 czenas 
650 0 7 |a léčivé rostliny  |7 ph115198  |2 czenas 
650 0 7 |a fytoterapie  |7 ph120421  |2 czenas 
650 0 7 |a přírodní léčitelství  |7 ph135495  |2 czenas 
650 0 9 |a mushrooms  |x therapeutic aspects  |2 eczenas 
650 0 9 |a plants  |x therapeutic aspects  |2 eczenas 
650 0 9 |a animals  |x therapeutic aspects  |2 eczenas 
650 0 9 |a medicinal plants  |2 eczenas 
650 0 9 |a phytotherapy  |2 eczenas 
650 0 9 |a healing  |2 eczenas 
655 7 |a populárně-naučné publikace  |7 fd131864  |2 czenas 
655 9 |a popular works  |2 eczenas 
700 1 |a Challoner, Jack  |7 xx0016180  |4 aut 
765 0 |t Amazing healing powers of nature  |9 Česky 
830 0 |a Reader's Digest  |0 s 
856 4 1 |u https://www.digitalniknihovna.cz/mzk/uuid/uuid:45bbe364-4854-11f1-a9f4-aa345c1de83e  |y Digitalizovaný dokument  |x NDK 
910 2 |a BOA001  |b 4-1333.555 
928 9 |a Tarsago Česká republika 
990 |a BK 
995 |a 01 
991 |b 201411  |c NOV  |e n 
996 6 |b 2610608122  |c 4-1333.555  |l MZK  |r Sklad / do 1 hodiny  |n 0  |p p.v.  |w 001465021  |u 000010  |a 1  |e BOA001  |j MZK50  |s P 
996 7 |b 2610643234  |c 4-1333.555  |l MZK  |r Sklad / do 1 hodiny  |n 2  |p kup  |w 001465021  |u 000020  |a 1  |e BOA001  |j MZK50  |s A